Análisis del comportamiento ante carga cíclica de muros de mampostería confinada reforzada con diferentes relaciones de aspecto
Sparad:
| Huvudupphovsman: | |
|---|---|
| Övriga upphovsmän: | |
| Materialtyp: | Bok |
| Språk: | Spanish |
| Publicerad: |
[San José ], Costa Rica
2019
|
| Ämnen: | |
| Taggar: |
Lägg till en tagg
Inga taggar, Lägg till första taggen!
|
MARC
| LEADER | 00000nam a22000007a 4500 | ||
|---|---|---|---|
| 003 | 013107 | ||
| 005 | 20230504152530.0 | ||
| 008 | 190826b2019 cr a|||| m||| 00| ||spa d | ||
| 040 | |c cru CEDI | ||
| 100 | |9 486 |a Picado Arguedas, Andrés David, 1996- | ||
| 245 | |a Análisis del comportamiento ante carga cíclica de muros de mampostería confinada reforzada con diferentes relaciones de aspecto | ||
| 260 | |a [San José ], Costa Rica |c 2019 | ||
| 500 | |a Proyecto de graduación (licenciatura en ingeniería civil)--Universidad de Costa Rica. Facultad de Ingeniería. Escuela de Ingeniería Civil. Departamento. Estructuras | ||
| 501 | |a Director de Proyecto de Graduación: Dr. Ing. Diego A. Hidalgo Leiva | ||
| 650 | |x FLEXION LATERAL |x MUROS - DISEÑO Y CONSTRUCCION - COSTA RICA |x HISTERESIS - MODELOS MATEMATICOS |x ESFUERZO CORTANTE |x ESFUERZO Y TENSION - PRUEBAS |x RESISTENCIA DE MATERIALES | ||
| 700 | |9 160 |a Hidalgo Leiva, Diego Antonio, 1984- |d Director del TFG | ||
| 942 | |c CEDI |h TFG 8257 |6 TFG_8257_000000000000000 | ||
| 999 | |c 21772 |d 21772 | ||
